| 000 | 00653nam a22001337a 4500 | ||
|---|---|---|---|
| 040 | _cRUA | ||
| 082 | _aAGR CHH 2009 B040 Or.1 | ||
| 100 | _aCHHUN, SENGLY. | ||
| 245 | _aStudy on arthropod pests and natural enemies on cashew tree in prasat sambo district kandal province ការសិក្សាសត្វល្អិតលើដំណាំស្វាយចន្ទីនៅស្រុកប្រសាទសំបូរ ខេត្តកំពង់ធំ | ||
| 260 |
_aPhnom Penh _bRUA _c2009 |
||
| 300 |
_axi; 54p. _bill. _c29cm. |
||
| 856 | _uhttps://drive.google.com/file/d/1Et2ZGP1M0AjhUKwgrPRoXu-OK6NV1tEb/view?usp=sharing | ||
| 942 | _cAGR | ||
| 999 |
_c946 _d946 |
||